000 00555nam a22001937a 4500
003 KOHA_MİRAKIL
005 20251224144718.0
008 251224b tu ||||| |||| 00| 0 tur d
020 _a9786059108980
040 _aTR-AnABB
_btur
_cTR-AnABB
041 _atur
082 _a956.100491992
_bSAH 2015
100 1 _aŞahin, Naci,
245 1 0 _aOsmanlı Ermenileri ve ikinci meşrutiyet /
_cNaci Şahin
260 _aKonya :
_bÇizgi Yayınevi,
_c2015
300 _a301 sayfa ;
_c24 cm
650 0 4 _aOsmanlı İmparatorluğu
942 _2ddc
_cBK
999 _c9933
_d9933
900 _bGizem YORULMAZ